| 000 | 00417pam a2200157 a 4500 | ||
|---|---|---|---|
| 020 |
_a9783131174420 _c |
||
| 041 | _h | ||
| 082 |
_a617.3 _bRUE/BUC |
||
| 100 | _aRUEDI T.P., BUCKLEY R.E., MORAN C.G. | ||
| 245 |
_aAO PRINCIPLES OF FRACTURE MANAGEMENT VOL.1. PRINCIPLES _hTextual Documents |
||
| 250 | _a2 ED. | ||
| 260 |
_a[s.l]: _bTHIEME, _c2009. |
||
| 300 |
_a555: _bXXII; _cHB. |
||
| 930 | _a4634 | ||
| 999 |
_c799162 _d799162 |
||
| 650 | _aORTHO | ||